000 00581nam a2200193 a 4500
005 20140311163024.0
008 080116s19uu xx 00 eng d
020 _a9780071437858
050 _aHF 5825
_b.B34 2006
100 _aBayan, Richard
245 _aWords that sell :
_bmore than 6,000 entries entries to help you promote your products, services, and ideas /
_cRichard Bayan.
260 _aNew York :
_bMcGraw-Hill,
_c2006.
300 _a134 p. :
_c25 cm.
521 _aBSBA
650 _aSelling.
650 _aAdvertising.
942 _cBK
_2lcc
_kFOR
999 _c39514
_d39514